The Coptic Museum, Old Churches & Monument (Record no. 12350)
[ view plain ]
| 000 -LEADER | |
|---|---|
| fixed length control field | 00701nam a22001817a 4500 |
| 008 - FIXED-LENGTH DATA ELEMENTS--GENERAL INFORMATION | |
| fixed length control field | 090713t xxu||||| |||| 00| 0 eng d |
| 082 ## - DEWEY DECIMAL CLASSIFICATION NUMBER | |
| Classification number | 281.720962 |
| Item number | COP |
| Edition number | 22 |
| 110 1# - MAIN ENTRY--CORPORATE NAME | |
| Corporate name or jurisdiction name as entry element | Business Magazine & Multimedia. |
| 9 (RLIN) | 8007 |
| 245 00 - TITLE STATEMENT | |
| Title | The Coptic Museum, Old Churches & Monument |
| Medium | [videorecording] / |
| Statement of responsibility, etc | Business Magazine & Multimedia. |
| 260 ## - PUBLICATION, DISTRIBUTION, ETC. (IMPRINT) | |
| Place of publication, distribution, etc | [Egypt] : |
| Name of publisher, distributor, etc | Business Magazine & Multimedia, [2000?] |
| Date of publication, distribution, etc | [2000?] |
| 300 ## - PHYSICAL DESCRIPTION | |
| Extent | 1 videodisc (120 min.) : |
| Other physical details | sd., col. ; |
| Dimensions | 4 3/4 in. |
| 306 ## - PLAYING TIME | |
| Playing time | 120 min. |
| 610 ## - SUBJECT ADDED ENTRY--CORPORATE NAME | |
| 9 (RLIN) | 14215 |
| Corporate name or jurisdiction name as entry element | Coptic Church |
| 650 #0 - SUBJECT ADDED ENTRY--TOPICAL TERM | |
| Topical term or geographic name as entry element | Christian antiquities |
| Geographic subdivision | Egypt. |
| 9 (RLIN) | 14218 |
| 651 ## - SUBJECT ADDED ENTRY--GEOGRAPHIC NAME | |
| 9 (RLIN) | 14214 |
| Geographic name | Egypt |
| General subdivision | Religious life and customs |
| 651 ## - SUBJECT ADDED ENTRY--GEOGRAPHIC NAME | |
| 9 (RLIN) | 14217 |
| Geographic name | Egypt |
| General subdivision | Church history |
| 942 ## - ADDED ENTRY ELEMENTS (KOHA) | |
| Source of classification or shelving scheme | Dewey Decimal Classification |
| Item type | CD | DVD - Documentary (NB) |
| Withdrawn status | Lost status | Source of classification or shelving scheme | Damaged status | Not for loan | Location (home branch) | Sublocation or collection (holding branch) | Shelving location | Date acquired | Source of acquisition | Invoice Number | Koha issues (times borrowed) | Koha full call number | Piece designation (barcode) | Koha date last seen | Koha date last borrowed | Price effective from | Koha item type |
|---|---|---|---|---|---|---|---|---|---|---|---|---|---|---|---|---|---|
| Dewey Decimal Classification | Central Library | Central Library | Lower Floor | 14/07/2009 | Purchase | 1 | 1 | 281.720962 COP | 000017479 | 24/08/2022 | 26/07/2009 | 14/07/2009 | CD | DVD - Documentary (NB) | ||||
| Dewey Decimal Classification | Central Library | Central Library | Lower Floor | 25/09/2011 | Purchase | 281.720962 COP | 000024884 | 24/08/2022 | 25/09/2011 | CD | DVD - Documentary (NB) |